000 01359nam a2200361 c 4500
999 _c103785
_d103785
003 BLK
005 20220225092328.0
008 180409b bul|||||r ||||||| ||bul||
010 _aKNG00108864000
020 _a954-9548-57-0
040 _aBLK
041 _aBUL
_cBUL
072 7 _2bullib
_aЯ
_xАвтографи
080 _aБългарска литература
_b821.163.2
_x-193
_z821.163.2-193
080 _aБългарска литература
_b821.163.2
_x-3
_z821.163.2-3
100 1 _aКалоянова, Елица
_eпърви автор
_9309676
139 _aКалоянова, Елица
_bК 18
245 1 0 _aПо ръба на небето
_bХайку, импресии
_cЕлица Калоянова.
257 _aBGR
260 _bАвангард принт
_c2003
_fРусе : Авангард принт
300 _a140 см
_c20 см
380 _aX
500 _aСъдържа и На ръба между земята и небето / Емил Георгиев. - Офс. изд.
653 _aстихотворения
653 _aхайку
653 _aразкази
659 _aЯ
852 _aЦб 216627
852 _aК 821.163.2/К 18 Е
856 4 _qpdf
856 4 _qpdf
942 _cKNG
_n0
_s1
944 _aCR
_c11.11.2003
_kРенета_Константинова
944 _aED
_c08.05.2012
999 _d103785